História Vexillorum céhzászlók a csongrádi Nagyboldogasszony-templomban /
Elmentve itt :
| Szerző: | |
|---|---|
| Dokumentumtípus: | Könyv része |
| Megjelent: |
2019
|
| Sorozat: | A vallási kultúrakutatás könyvei
Papok, szentek, felekezetek : válogatott vallási néprajzi írások |
| Kulcsszavak: | Csongrád - egyháztörténet |
| Tárgyszavak: | |
| Online Access: | http://acta.bibl.u-szeged.hu/68947 |
| LEADER | 00900naa a2200229 i 4500 | ||
|---|---|---|---|
| 001 | acta68947 | ||
| 005 | 20211123153430.0 | ||
| 008 | 200512s2019 hu o 0|| hun d | ||
| 020 | |a 978-963-306-650-8 | ||
| 022 | |a 2064-4825 | ||
| 040 | |a SZTE Egyetemi Kiadványok Repozitórium |b hun | ||
| 041 | |a hun | ||
| 100 | 1 | |a Gyöngyössy Orsolya | |
| 245 | 1 | 0 | |a História Vexillorum |h [elektronikus dokumentum] : |b céhzászlók a csongrádi Nagyboldogasszony-templomban / |c Gyöngyössy Orsolya |
| 260 | |c 2019 | ||
| 300 | |a 184-190 | ||
| 490 | 0 | |a A vallási kultúrakutatás könyvei | |
| 490 | 0 | |a Papok, szentek, felekezetek : válogatott vallási néprajzi írások | |
| 650 | 4 | |a Bölcsészettudományok | |
| 650 | 4 | |a Történettudomány és régészet | |
| 695 | |a Csongrád - egyháztörténet | ||
| 856 | 4 | 0 | |u http://acta.bibl.u-szeged.hu/68947/1/vallasi_kulturakutatas_konyvei_041_184-190.pdf |z Dokumentum-elérés |